| 000 | 00682nam a22001817a 4500 | ||
|---|---|---|---|
| 999 |
_c5453 _d5453 |
||
| 003 | AR-CdUCM | ||
| 008 | 190312b ||||| |||| 00| 0 spa d | ||
| 040 |
_aMUNICIPALIDAD PROVINCIAL DEL CUSCO _cBIBLIOTECA MUNICIPAL DEL CUSCO |
||
| 082 |
_a869.56 / _bR21 |
||
| 100 |
_aRamirez Ruiz, Juan _916404 |
||
| 245 | _aUn par de vueltas por la realidad / | ||
| 260 |
_aLima : _bMovimiento hora zero, _c1971. |
||
| 300 |
_a118 páginas ; _c20 cm. |
||
| 505 | _aMedia docena de inconvenientes por remediar -- Todos los detalles de la experiencia repetida durante días, meses y años -- Un par de vueltas por la realidad... | ||
| 650 |
_aPoesía. _9139 |
||
| 942 |
_2ddc _cLIBROS |
||
| 945 | _awfj | ||